|
|
|
|
| LEADER |
01238nam a2200361 a 4500 |
| 001 |
001151766 |
| 003 |
CZ BrMZK |
| 005 |
20110606090400.0 |
| 007 |
ta |
| 008 |
950323s1994 xr g 000 f cze |
| 015 |
|
|
|a cnb000090319
|
| 020 |
|
|
|a 80-85384-14-0
|q (brož.) :
|c Kč 55,00
|
| 035 |
|
|
|a (OCoLC)39594089
|
| 040 |
|
|
|a BA001
|b Ocze
|
| 041 |
1 |
|
|a cze
|h eng
|
| 072 |
|
7 |
|a 821.111(73)-3
|x Americká próza
|2 Konspekt
|9 25
|
| 080 |
|
|
|a 821.111(73)-31
|2 MRF
|
| 080 |
|
|
|a (0:82-311.9)
|2 MRF
|
| 100 |
1 |
|
|a Asimov, Isaac,
|d 1920-1992
|7 jn19990000289
|4 aut
|
| 240 |
1 |
0 |
|a Currents of space.
|l Česky
|
| 245 |
1 |
0 |
|a Kosmické proudy :
|b příběh k seriálu Nadace /
|c Isaac Asimov ; [z anglického originálu přeložil Jindřich Smékal]
|
| 250 |
|
|
|a 1. vyd.
|
| 260 |
|
|
|a Brno :
|b AF 167,
|c 1994
|
| 300 |
|
|
|a 241 s. ;
|c 18 cm
|
| 500 |
|
|
|a Název z obálky
|
| 500 |
|
|
|a 8000 výt.
|
| 655 |
|
7 |
|a americké romány
|7 fd131796
|2 czenas
|
| 655 |
|
7 |
|a vědecko-fantastické romány
|7 fd133847
|2 czenas
|
| 700 |
1 |
|
|a Smékal, Jindřich,
|d 1936-1995
|7 ola2004182249
|4 trl
|
| 910 |
2 |
|
|a BOA001
|b 1-1267.382
|
| 990 |
|
|
|a BK
|
| 991 |
|
|
|b 201106
|e b
|
| 996 |
6 |
|
|b 2610480344
|c 1-1267.382
|l MZK
|r Sklad / do 1 hodiny
|n 0
|p dar
|w 001184775
|u 000010
|a 1
|e BOA001
|j MZK50
|s P
|